Manual del programa de compensación forestal para los protectores ambientales: (Registro nro. 19609)
[ vista simple ]
| 000 -CABECERA | |
|---|---|
| Campo de control | 00764nam a22001937a 4500 |
| 005 - FECHA Y HORA DE LA ULTIMA TRANSACCION | |
| Campo de control | 20191224042327.0 |
| 008 - ELEMENTOS DE LONGITUD FIJA—INFORMACION GENERAL | |
| Campo de control | 170612b ck ||||| |||| 00| 0 spa d |
| 040 ## - FUENTE DE CATALOGACIÓN | |
| Agencia catalogadora original | CO-BoIAVH |
| Agencia transcriptora | CO-BoIAVH |
| 041 ## - IDIOMA | |
| Código de idioma para texto/pista de sonido o título separado | Español |
| 044 ## - PAÍS DE PUBLICACIÓN | |
| País de publicación | Colombia |
| 090 ## - CLASIFICACIÓN LOCAL | |
| Colección | FG- |
| Consecutivo | 0199 |
| 110 2# - ASIENTO PRINCIPAL--NOMBRE CORPORATIVO | |
| Nombre corporativo o de jurisdicción como elemento de entrada | Fundación Pro Sierra nevada de Santa Marta |
| 9 (RLIN) | 9006 |
| 245 10 - MENCION DE TITULO | |
| Título | Manual del programa de compensación forestal para los protectores ambientales: |
| Parte restante del título | Subcuencas del Tucuy y del Sororia en la Serrania del Perijá |
| 260 ## - PUBLICACION, DISTRIBUCION, ETC. (PIE DE IMPRENTA) | |
| Lugar de publicación, distribución, etc. | Santa Marta: |
| Nombre del editor, distribuidor, etc. | Fundación Pro Sierra Nevada de Santa Marta, |
| Fecha de publicación, distribución, etc. | . |
| 300 ## - DESCRIPCION FISICA | |
| Extensión | 24 páginas, |
| Otros detalles físicos | folleto con ilustraciones a color, |
| Dimensiones | 16 x 23 cm |
| 650 #0 - ASIENTO SECUNDARIO DE MATERIA - TERMINO TEMATICO | |
| Término temático o nombre geográfico como elemento de entrada | Compensaciones ambientales |
| Subdivisión geográfica | Colombia |
| 9 (RLIN) | 90151 |
| 651 ## - ASIENTO SECUNDARIO DE MATERIA - NOMBRE GEOGRAFICO | |
| Nombre geográfico | Colombia |
| Subdivisión geográfica | Serranía de Perijá |
| 9 (RLIN) | 90152 |
| 942 ## - ELEMENTOS ADICIONALES (KOHA) | |
| Sistema de clasificación | Local |
| Tipo de ítem | Folleto |
| Withdrawn status | Lost status | Sistema de Clasificación | Damaged status | No para préstamo | Colección | Ubicación Permanente | Ubicación actual | Fecha de adquisición | Total Checkouts | Número topográfico | Inventario / Código de Barras | Date last seen | Ejemplar | Price effective from | Forma de adquisición | Tipo de material |
|---|---|---|---|---|---|---|---|---|---|---|---|---|---|---|---|---|
| Local | Hemeroteca | Bogotá | Bogotá | 12/06/2017 | FG-0199 | 041414 | 12/06/2017 | Ej. 1 | 12/06/2017 | Donación | Folleto | |||||
| Dewey Decimal Classification | Hemeroteca | Bogotá | Bogotá | 02/01/2020 | FG-0382 | 043966 | 02/01/2020 | Ej.3 | 02/01/2020 | Donación | Folleto | |||||
| Local | Sala Fabio Quevedo | Sala Fabio Quevedo | 28/02/2019 | FG-0199 | 030423 | 28/02/2019 | Ej. 2 | 28/02/2019 | Donación | Folleto |